000 00601nam a2200229Ia 4500
003 OSt
005 20220918204535.0
006 a|||||r|||| 00| 0
007 ta
008 220917b |||||||| |||| 00| 0 eng d
024 _a113,216
037 _cTextual
040 _aARTS
_cARTS
_beng
041 _2eng
_aeng
082 _aV53:4:N1, K3
100 _aDe La Gorce P M
_9112374
245 0 _aFrench army
_b military-political history tr by Keeneth Douglas
260 _c1963
650 _aHISTORY
942 _hV53:4:N1, K3
_cTEXL
_2CC
999 _c236549
_d236549